Begins and Ends with 'K' Quiz Stats

 Plays Quiz Updated Oct 1, 2018

Score 0/23 Timer 06:00
4 Plays Today
Clue Answer % Correct
The one play in American football
that moves the ball with the foot
kick
96.5%
A stand-alone informational area
in a mall or museum
kiosk
79.8%
'Samantha who?' or 'Doctor who?' type of jokeknock-knock
76.4%
Having one in your hair or neck is commonkink
70.5%
A bag with shoulder straps,
often used while camping
knapsack
63.2%
Alaskan brown bear or islandKodiak
57.6%
Pike's successor as captain on starship NCC-1701Kirk
56.8%
Palindromic Arctic Ocean transportkayak
47.7%
Bribe often associated with government fundingkickback
47%
Rochester, NY co., founded by George EastmanKodak
46.9%
Another word for relatives, they advised Jed Clampett to 'move away from here'kinfolk
39.1%
This band had 2 top tens,
'Good Girls Don't' and 'My Sharona'
The Knack
38.8%
Clue Answer % Correct
A trinket, curiousity or baubleknick-knack
38.4%
An eccentric, or in slang a n00b at surfingkook
37.7%
He borrowed from Warren Zevon and Lynyrd Skynyrd on his 2008 song 'All Summer Long'Kid Rock
37.4%
An immediate and automatic reactionkneejerk
37.2%
Who loves ya, baby? Telly Savalas in this role.Kojak
36%
Hapless Nazi Colonel on TV's 'Hogan's Heroes'Klink
33.4%
Acclaimed director of 'Spartacus', 'Barry Lyndon',
'The Shining', 'Dr. Strangelove' & '2001'
Kubrick
23.6%
1/100th of a RubleKopeck
14.2%
German electro-music pioneers known for 'Autobahn', 'The Model' and 'Computer Love'Kraftwerk
14.2%
Ancient temple site near Luxor, Egypt,
or Inhuman cousin of Black Bolt
Karnak
10.5%
Northern Iraqi city, center of Kurdish activityKirkuk
10%

You're not logged in!

Compare scores with friends on all Sporcle quizzes.
OR
Log In

Sporcle TV

Today on Sporcle TV


Watch our educational content, quiz creation guides, and fun videos on Sporcle TV.

Show Comments

Extras

Top Quizzes Today


Score Distribution

Your Account Isn't Verified!

In order to create a playlist on Sporcle, you need to verify the email address you used during registration. Go to your Sporcle Settings to finish the process.

Report this User

Report this user for behavior that violates our Community Guidelines.

Details: